000 00561nam a2200193Ia 4500
003 OSt
005 20200904093437.0
008 190216s9999||||xx |||||||||||||| ||und||
020 _a9780070146174
040 _coclc
082 _a530.12
_bMAT/T
100 _aMathews, P M
_94421
245 0 _aA Textbook Of Quantum Mechanics /
_cP M Mathews ; K Venkatesan
250 _a2nd Ed.
260 _bTata Mcgrawhill Publishers,
_c2011.
_aNew Delhi:
300 _a467p
650 _aPhysics
942 _cBK
_2ddc
_h530.12
_iMAT/T
_k530.12
_mMAT/T
999 _c34366
_d34366